| 000 | 01030nam a22003137a 4500 | ||
|---|---|---|---|
| 003 | CHAP | ||
| 005 | 20220329140030.0 | ||
| 008 | 971013s1988 r 00010 d | ||
| 010 | _a45929 | ||
| 011 | _a46901 | ||
| 035 | _a51042 | ||
| 040 | _cCHAP | ||
| 090 | _aFolleto 14513 | ||
| 100 | 0 | 0 |
_aKemmler, G. _ecomp. _962986 |
| 245 | _aPotassium deficiency and its correction in horticultural crops | ||
| 260 |
_aBem : _bInternational Potash Institute, _c1988 |
||
| 300 |
_a23 p. _b: ilus. |
||
| 490 | _aIPI. Bulletin - Fertilising for yield and quality | ||
| 590 |
_aBATCH-UPD _b10 _c20130110 _lUCH01 _h1740 |
||
| 590 |
_aCONVERSION _b10 _c20130109 _lUCH01 _h1325 |
||
| 650 | 1 | 4 |
_aLegumbres. _965680 |
| 650 | 1 | 4 |
_aPlantas _xDeficiencias nutritivas. _988812 |
| 650 | 1 | 4 |
_aPotasio en plantas. _991124 |
| 700 | 0 |
_aTandon, H. L. S. _ecomp. _9111581 |
|
| 830 | 0 |
_aIPI. Bulletin - Fertilising for yield and quality _960312 |
|
| 901 | _aBK | ||
| 942 | _cFOLL | ||
| 949 |
_aFolleto 14513 _bBC _cFOLL _d-114432 _eTS1 _gI.c/e _i51042 _si _t19.10 |
||
| 999 |
_c45929 _d45929 |
||